Analysis

Guardat en:
Dades bibliogràfiques
Autors principals: Lieb, Elliott H (Autor), Loss, Michael (Autor)
Format: Llibre
Idioma:anglès
Publicat: Providence American Mathematical Society 1997
Edició:1a. ed
Col·lecció:Graduate Studies in Mathematics, 14
Matèries:
Etiquetes: Afegir etiqueta
Sense etiquetes, Sigues el primer a etiquetar aquest registre!

MARC

LEADER 00000nam a2200000 a 4500
001 UCH7626
003 CL-VaPUC
008 091119e19970000US |||||||||||||||||eng|d
020 |a 0821806327 
082 0 4 |a 515  |b LIE  |2 21 
100 |a Lieb, Elliott H  |e author  |9 544006 
700 0 |a Loss, Michael  |e author  |9 544007 
245 1 0 |a Analysis 
250 |a 1a. ed 
300 |a 278 p 
942 |c BK 
945 |d 20091119 00:00:00  |a cmena 
260 |a Providence  |b American Mathematical Society  |c 1997 
650 0 |a Análisis matemático   |9 260146 
650 0 |a Cálculo  |9 260234 
650 0 |a Ecuaciones  |9 260137 
583 |a last modification  |c 20091119 00:00:00  |k Rodrigo Vera 
490 0 |a Graduate Studies in Mathematics, 14 
999 |c 338112  |d 338110 
952 |0 0  |1 0  |4 0  |6 515_000000000000000_LIE_1997  |7 0  |8 A  |9 430945  |a BIBMAT  |b BIBMAT  |d 2019-11-22  |i 4620399  |l 1  |o 515 LIE 1997  |p 4620399  |r 2025-01-07  |s 2023-09-05  |w 2019-11-22  |y BK  |k MAT